Realitný cyklus na Slovensku a jeho špecifiká
Prasknutie realitnej bubliny v polovici predchádzajúcej dekády bolo pravdepodobne najrazantnejšie v doterajšej histórii, čo spôsobilo značnú finančnú a aj celkovú ekonomickú nestabilitu v celosvetovom meradle. Táto skúsenosť dáva podnet na dôslednejšie analyzovanie fáz realitného cyklu v jednotlivýc...
Enregistré dans:
| Auteur principal: | |
|---|---|
| Format: | Chapitre de livre |
| Langue: | slovaque |
| Sujets: | |
| Tags: |
Pas de tags, Soyez le premier à ajouter un tag!
|
MARC
| LEADER | 00000naa a2200000 4500 | ||
|---|---|---|---|
| 001 | 0219369 | ||
| 005 | 20221019172547.6 | ||
| 041 | 0 | |a slo | |
| 044 | |a SK | ||
| 245 | 1 | 0 | |a Realitný cyklus na Slovensku a jeho špecifiká |c Mikuláš Cár |
| 520 | |a Prasknutie realitnej bubliny v polovici predchádzajúcej dekády bolo pravdepodobne najrazantnejšie v doterajšej histórii, čo spôsobilo značnú finančnú a aj celkovú ekonomickú nestabilitu v celosvetovom meradle. Táto skúsenosť dáva podnet na dôslednejšie analyzovanie fáz realitného cyklu v jednotlivých krajinách, hlavne príčin prehrievania trhu s bývaním a následného prudkého prepadu cien bývania, aby sa pripravili účinné preventívne opatrenia a predišlo sa tak opakovaniu podobných situácií. | ||
| 610 | 2 | 0 | |a bubliny finančné |
| 610 | 2 | 0 | |a kríza finančná |
| 610 | 2 | 0 | |a trh realitný |
| 610 | 2 | 0 | |a trh bytový |
| 610 | 2 | 0 | |a cykly hospodárske |
| 100 | 1 | |a Cár, Mikuláš | |